000 00705nab a22002297a 4500
001 19012
003 HDC
007 cr bn ---aaaaa
008 210128c20070724my ||||o |||| 00| 00eng d
040 _aHDC
245 0 _aHDC to promote M'sia as global Halal hub
336 _atext
_2rdacontent
337 _acomputer
_2rdamedia
338 _aonline resource
_2rdacarrier
650 _aHalal industry
_9144
650 _aPromotion
_917642
710 _aDaily Express
856 _zRequest full-text at [email protected]
942 _2lcc
942 _cNEWS
942 _kNWSO 007647
999 _c16328
_d16328